EMAS - dobrovolný nástroj řízení podniku

Implementácia dobrovoľných environmentálnych nástrojov do riadenia podniku. Nariadenie Rady EHS z r.1993 umožňujúce účasť priemyselných podnikov v Schéme EMAS a snaha podnikov zohľadňovať environmentálne dôsledky svojej činnosti. Revízia nariadenia v r.2001 - EMAS II. Nové aspekty nariadenia.

Na minha lista:
Detalhes bibliográficos
Autor principal: Majerčák, Peter
Outros Autores: Majerčák, Jozef
Formato: Capítulo de Livro
Idioma:tcheco
Assuntos:
Tags: Adicionar Tag
Sem tags, seja o primeiro a adicionar uma tag!

MARC

LEADER 00000naa$a2200000$$$4500
001 0022634
005 20231106121708.6
041 0 |a cze 
044 |a CZ 
245 1 0 |a EMAS - dobrovolný nástroj řízení podniku  |c Peter Majerčák, Jozef Majerčák 
520 |a Implementácia dobrovoľných environmentálnych nástrojov do riadenia podniku. Nariadenie Rady EHS z r.1993 umožňujúce účasť priemyselných podnikov v Schéme EMAS a snaha podnikov zohľadňovať environmentálne dôsledky svojej činnosti. Revízia nariadenia v r.2001 - EMAS II. Nové aspekty nariadenia. 
610 2 0 |a riadenie podnikové 
610 2 0 |a riadenie strategické 
610 2 0 |a politika environmentálna 
610 2 0 |a ochrana prostredia životného 
610 2 0 |a podnik priemyselný 
610 2 0 |a krajiny vyspelé 
610 2 0 |a predpisy 
610 2 0 |a EHS 
100 1 |a Majerčák, Peter 
700 1 |a Majerčák, Jozef